000 00282nam a22001217a 4500
008 160519b xxu||||| |||| 00| 0 eng d
020 _a9780397447640
020 _a0397447647
041 _aeng
080 _a616
245 _aPathology:
_cAlan Stevens; James Lowe;
942 _2udc
_cBK
999 _c2260
_d2260